The placenta and neurodisability (Record no. 62805)
[ view plain ]
| 000 -LEADER | |
|---|---|
| fixed length control field | 02435nam a2200409 a 4500 |
| 082 04 - DEWEY DECIMAL CLASSIFICATION NUMBER | |
| Classification number | 612.63 |
| 245 04 - TITLE STATEMENT | |
| Title | The placenta and neurodisability |
| 260 ## - PUBLICATION, DISTRIBUTION, ETC. (IMPRINT) | |
| Place of publication | London : |
| Name of publisher | Mac Keith Press : |
| -- | Distributed by Cambridge University Press, |
| Year of publication | 2006. |
| 300 ## - PHYSICAL DESCRIPTION | |
| Number of Pages | xi, 153 p. : |
| Other physical details | ill. |
| 505 0# - FORMATTED CONTENTS NOTE | |
| Formatted contents note | The placenta and neurological outcome in the child / Karin Nelson -- Deficient trophoblast invasion, placental and fetal compromise / Fiona Lyall -- The materno-fetal inflammatory response / Mark Turner -- Cytokines, growth factors, placental insufficiency and infection / Ian Crocker -- Placental lesions and neurological outcome / Raymond Redline -- Placental pathology, intrauterine growth restriction, and subsequent child development / Paul Eunson -- MDR-1 P-glycoprotein in the placenta: a protective role in neurodevelopment? / Diane Atkinson and Colin Sibley -- In utero imaging of the placenta / Penny Gowland -- Animal models of fetal growth restriction and cerebral compromise / Donald Peebles -- Placental programming leading to mental ill-health: fetal growth and schizophrenia / Kathryn Abel and Matthew Allin -- Conclusions-the placenta and neurodisability / Stephen D'Souza. |
| 650 #0 - SUBJECT ADDED ENTRY--TOPICAL TERM | |
| Topical Term | Placenta |
| Topical Term | Placenta. |
| Topical Term | Schizophrenia |
| Topical Term | Nervous system |
| Topical Term | Nervous system |
| Topical Term | Fetal growth disorders. |
| 700 1# - ADDED ENTRY--PERSONAL NAME | |
| Personal name | Baker, Philip, |
| Personal name | Sibley, Colin. |
| 856 40 - ELECTRONIC LOCATION AND ACCESS | |
| Uniform Resource Identifier | http://site.ebrary.com/lib/rucke/Doc?id=10313252 |
No items available.
